Statistics for Leaders of the Labour Party

Click here to take the quiz!

General Stats

  • This quiz has been taken 34 times
  • The average score is 14 of 26

Answer Stats

TenureLeader% Correct
2007-2010Gordon Brown
93%
1994-2007Tony Blair
93%
1963George Brown
89%
1963-1976Harold Wilson
78%
2015-presentJeremy Corbyn
78%
1983-1992Neil Kinnock
78%
1935-1955Clement Attlee
70%
2010-2015Ed Miliband
70%
1976-1980James Callaghan
70%
1992-1994John Smith
70%
2015Harriett Harman
67%
2010Harriett Harman
67%
1980-1983Michael Foot
63%
1922-1931Ramsay Macdonald
63%
1911-1914Ramsay Macdonald
63%
1906-1908Keir Hardie
59%
1994Margaret Beckett
59%
1955-1963Hugh Gaitskell
48%
1914-1917Arthur Henderson
33%
1908-1910Arthur Henderson
33%
1931-1932Arthur Henderson
33%
1932-1935George Lansbury
22%
1955Herbert Morrison
22%
1921-1922J. R. Clynes
11%
1910-1911George Barnes
7%
1917-1921William Adamson
7%

Score Distribution

Percentile by Number Answered

Percent of People with Each Score

Your Score History

You have not taken this quiz